In English : Starter vocabulary practice book
Сохранить в:
| Главный автор: | |
|---|---|
| Формат: | |
| Язык: | Undetermined |
| Опубликовано: |
Oxford
Oxford University Press
2002
|
| Предметы: | |
| Метки: |
Добавить метку
Нет меток, Требуется 1-ая метка записи!
|
| Thư viện lưu trữ: | Trung tâm Học liệu Trường Đại học Cần Thơ |
|---|
| LEADER | 00607nam a2200217Ia 4500 | ||
|---|---|---|---|
| 001 | CTU_65595 | ||
| 008 | 210402s9999 xx 000 0 und d | ||
| 020 | |c 74000 | ||
| 082 | |a 428.24 | ||
| 082 | |b V782 | ||
| 100 | |a Viney, Peter | ||
| 245 | 0 | |a In English : | |
| 245 | 0 | |b Starter vocabulary practice book | |
| 245 | 0 | |c Peter Viney, Karen Viney | |
| 260 | |a Oxford | ||
| 260 | |b Oxford University Press | ||
| 260 | |c 2002 | ||
| 650 | |a English language | ||
| 650 | |x Study and teaching,Textbooks for foreign speakers | ||
| 904 | |i TUYẾN | ||
| 980 | |a Trung tâm Học liệu Trường Đại học Cần Thơ | ||